000
00467nam a2200133Ia 4500
008
100328s9999 xx 000 0 und d
082
_b
14244
100
_a
कापसे राम
245
_a
सावरकरांची निवड भाषणे.
260
_b
आर्यभूषण
630
_a
सावरकरांची निवड भाषणे.
730
_a
सावरकरांची निवड भाषणे.
942
_c
BOOK
999
_c
509232
_d
509229